[Event "Let's Play Chess!"]
[Site "http://www.queenalice.com/game.php?id=273834"]
[Date "2007.9.19"]
[Round "-"]
[White "gcmorales"]
[Black "maple"]
[Result "0-1"]
[WhiteElo "1144"]
[BlackElo "2006"]

1. e4 c5 2. Nc3 Nc6 3. d3 g6 4. Nf3 Bg7 5. g3 Nf6 6. Bh3 O-O 7. O-O d6 8. Nd5
Bxh3 9. Re1 Bg4 10. Re3 Nd4 11. e5 Nxd5 12. Re4 Nxf3+ 13. Kg2 Nh4+ 14. Kg1 Bxd1
15. Rxh4 Bxe5 16. Bg5 Bxc2 17. d4 Bxd4 18. Rc1 Ba4 19. b4 Rc8 20. bxc5 Bxc5 21.
Rxa4 Bxf2+ 22. Kxf2 Rxc1 23. Bxc1 Qc7 24. Bb2 Qc2+ 25. Ke1 Qxa4 26. Kd2 Qxa2 27.
Kc2 Rc8+ 28. Kd3 Qxb2 29. Ke4 Qe5+ 30. Kf3 Qe3+ 31. Kg4 Rc4+ 32. Kh3 Nf4+ 33.
Kg4 Qe6+ 34. Kf3 Qe2# 0-1

[Event "Mýrarboltaskák"]
[Site "http://www.queenalice.com/game.php?id=274961"]
[Date "2007.9.21"]
[Round "-"]
[White "maple"]
[Black "willys"]
[Result "1-0"]
[WhiteElo "2018"]
[BlackElo "1467"]

1. a3 d5 2. f4 Nc6 3. Nf3 Nf6 4. e3 e6 5. Be2 Qd6 6. O-O g6 7. d3 Bg7 8. c4 O-O
9. b4 b6 10. Ra2 a6 11. Bb2 dxc4 12. dxc4 Qxd1 13. Rxd1 Re8 14. Ne5 Ne7 15. Bf3
Rb8 16. g4 h5 17. h3 hxg4 18. hxg4 Bb7 19. Bxb7 Rxb7 20. Nc3 Rbb8 21. g5 Nh5 22.
Ne4 f6 23. Nd7 Rbd8 24. gxf6 Nxf6 25. Nexf6+ Kf7 26. Ne5+ Kf8 27. Rxd8 Rxd8 28.
Nfd7+ Kg8 29. Bd4 Nf5 30. Rg2 Nh4 31. Rg4 Bxe5 32. Nxe5 Nf5 33. Rxg6+ Ng7 34.
Rxg7+ Kxg7 35. Nc6+ Kf8 36. Nxd8 Ke7 37. Nxe6 Kxe6 38. e4 Kf7 39. f5 Ke7 40. e5
c5 41. bxc5 bxc5 42. Bxc5+ Kf7 43. e6+ Ke8 44. f6 a5 45. f7+ Kd8 46. f8=Q+ Kc7
47. Qd6+ Kb7 48. Bb6 a4 49. Qc7+ Ka6 50. Qa7# 1-0

[Event "Let's Play Chess!"]
[Site "http://www.queenalice.com/game.php?id=275838"]
[Date "2007.9.23"]
[Round "-"]
[White "maple"]
[Black "tomatito"]
[Result "1-0"]
[WhiteElo "2039"]
[BlackElo "1805"]

1. d4 d5 2. c4 dxc4 3. Nf3 e6 4. e3 b5 5. a4 Bb4+ 6. Bd2 Bxd2+ 7. Qxd2 Nf6 8.
axb5 a6 9. Bxc4 Bb7 10. bxa6 Bxa6 11. Bxa6 Rxa6 12. Rxa6 Nxa6 13. Qa5 Qc8 14.
Qa4+ c6 15. Ne5 Nb8 16. O-O O-O 17. Nd2 Nd5 18. Ne4 Qc7 19. h3 Nb6 20. Qc2 N8d7
21. Qxc6 Qd8 22. Nxd7 Nxd7 23. Nc5 Nxc5 24. dxc5 Qb8 25. Qb6 Qxb6 26. cxb6 Rb8
27. Rc1 f5 28. Rc6 Kf7 29. f4 Kf6 30. g4 fxg4 31. hxg4 g6 32. Kg2 h6 33. Kg3 Rb7
34. e4 Ke7 35. Rc7+ Rxc7 36. bxc7 Kd7 37. f5 gxf5 38. gxf5 Kxc7 39. f6 Kd7 40.
b4 e5 41. b5 h5 42. b6 Kc6 43. f7 Kxb6 44. f8=Q Kc6 45. Qf6+ Kc5 46. Qxe5+ Kc6
47. Qd5+ Kc7 48. e5 Kc8 49. e6 Kc7 50. Qd7+ Kb6 51. Qc8 Kb5 52. e7 h4+ 53. Kxh4
Kb6 54. e8=Q Ka5 55. Qb8 Ka6 56. Qa4# 1-0

[Event "Let's Play Chess!"]
[Site "http://www.queenalice.com/game.php?id=276701"]
[Date "2007.9.25"]
[Round "-"]
[White "maple"]
[Black "Carlos75"]
[Result "0-1"]
[WhiteElo "2058"]
[BlackElo "2430"]

1. d4 Nf6 2. c4 e6 3. Nc3 Bb4 4. Nf3 d5 5. cxd5 exd5 6. Bg5 h6 7. Bxf6 Qxf6 8.
Qa4+ Nc6 9. e3 O-O 10. Be2 a6 11. O-O Be6 12. Qc2 Bd6 13. a3 g5 14. e4 g4 15.
Nxd5 Qg7 0-1

[Event "Let's Play Chess!"]
[Site "http://www.queenalice.com/game.php?id=276702"]
[Date "2007.9.25"]
[Round "-"]
[White "Carlos75"]
[Black "maple"]
[Result "1-0"]
[WhiteElo "2429"]
[BlackElo "2060"]

1. e4 c5 2. Nf3 d6 3. d4 cxd4 4. Nxd4 Nf6 5. Nc3 a6 6. Be2 e6 7. O-O Nc6 8. Be3
Be7 9. f4 O-O 10. a4 Qc7 11. Qe1 b6 12. Qg3 d5 13. Nxc6 Qxc6 14. e5 Ne4 15. Nxe4
1-0

[Event "Let's Play Chess!"]
[Site "http://www.queenalice.com/game.php?id=276703"]
[Date "2007.9.25"]
[Round "-"]
[White "maple"]
[Black "mateus_amorim"]
[Result "0-1"]
[WhiteElo "2090"]
[BlackElo "1680"]

1. d4 d5 2. c4 c6 3. Nf3 Nf6 4. Nc3 g6 5. cxd5 cxd5 6. Bf4 a6 7. e3 Bg7 8. h3
Nc6 9. Bd3 O-O 10. O-O Qb6 11. Qe2 Nb4 12. Bb1 e6 13. a3 Nc6 14. Na4 Qd8 15. b4
b5 16. Nc5 Nd7 17. Ra2 a5 18. Bd6 Re8 19. Qxb5 Nxc5 20. Qxc5 Bd7 21. b5 Rc8 22.
bxc6 Rxc6 23. Qb5 Rxd6 24. Qe2 Rb6 25. Bd3 Qb8 26. Rc1 Bb5 27. Bxb5 Rxb5 28. Qd2
Bf8 29. g3 Rb3 30. Qxa5 Re7 31. a4 Ra7 32. Qd2 Rb4 33. a5 Rb5 34. Ne5 Qb7 0-1

[Event "Let's Play Chess!"]
[Site "http://www.queenalice.com/game.php?id=276704"]
[Date "2007.9.25"]
[Round "-"]
[White "mateus_amorim"]
[Black "maple"]
[Result "1-0"]
[WhiteElo "1797"]
[BlackElo "2031"]

1. g3 d5 2. d4 Nf6 3. e3 e6 4. c4 Bb4+ 5. Nd2 O-O 6. a3 Bxd2+ 7. Bxd2 a6 8. cxd5
Nxd5 9. Bg2 b6 10. e4 Nf6 11. e5 Nd5 12. Nf3 Bb7 13. O-O Nd7 14. Qc2 h6 15. Rfe1
c5 16. dxc5 Nxc5 17. Rac1 Rc8 18. Qb1 Nb3 19. Rxc8 Qxc8 20. Qd3 Nxd2 21. Qxd2
Ne7 22. Rd1 Nd5 23. Nh4 Qc4 24. Rc1 Qb3 25. Nf3 Rd8 26. Nd4 Qa4 27. Qd1 Qd7 28.
Bf3 Ne7 29. Bxb7 Qxb7 30. Qa4 b5 31. Qb4 Nd5 32. Qc5 Rd7 33. Qc8+ Qxc8 34. Rxc8+
Kh7 35. Rc6 Rc7 36. Rxa6 Rc1+ 37. Kg2 Rb1 38. b4 Nc3 39. Ra5 Ra1 40. Nxb5 Nxb5
41. Rxb5 Rxa3 42. Rb7 Kg6 43. b5 Rb3 44. b6 f6 45. exf6 Kxf6 46. f4 h5 47. Rb8
g6 48. b7 Kf7 49. Kf2 Kg7 50. Ke2 Kf7 51. h4 Ke7 52. Kf2 Kd6 53. Rg8 Rxb7 54.
Rxg6 Rb5 55. Rg5 1-0

[Event "Let's Play Chess!"]
[Site "http://www.queenalice.com/game.php?id=278499"]
[Date "2007.9.29"]
[Round "-"]
[White "maple"]
[Black "andrevillares"]
[Result "1-0"]
[WhiteElo "2071"]
[BlackElo "1914"]

1. d4 Nf6 2. c4 e6 3. Nf3 Bb4+ 4. Bd2 Qe7 5. a3 Bxd2+ 6. Nbxd2 d5 7. e3 b6 8.
Be2 dxc4 9. Nxc4 O-O 10. O-O Bb7 11. Nce5 Nbd7 12. Rc1 c5 13. dxc5 Nxc5 14. b4
Nce4 15. Nc6 Qe8 16. Nce5 Rd8 17. Qb3 Bd5 18. Bc4 Bxc4 19. Rxc4 Nd2 20. Nxd2
Rxd2 21. h3 Qb5 22. Nf3 Rd6 23. Nd4 Qg5 24. Rfc1 Ne4 25. Qc2 Qg6 26. Nb5 Nd2 27.
Qxg6 fxg6 28. Nxd6 Nxc4 29. Rxc4 a5 30. Rc8 axb4 31. axb4 1-0

[Event "Let's Play Chess!"]
[Site "http://www.queenalice.com/game.php?id=279362"]
[Date "2007.9.30"]
[Round "-"]
[White "maple"]
[Black "Rutty"]
[Result "1-0"]
[WhiteElo "2046"]
[BlackElo "1966"]

1. d4 d5 2. c4 dxc4 3. Nf3 Nf6 4. e3 e6 5. Bxc4 Bd6 6. O-O h6 7. Nc3 Nc6 8. e4
Bb4 9. d5 Bxc3 10. bxc3 exd5 11. exd5 Ne7 12. Re1 O-O 13. Ba3 Re8 14. Bxe7 Rxe7
15. Rxe7 Qxe7 16. Qb3 b6 17. Re1 Qd6 18. Ne5 Bb7 19. Nxf7 Kxf7 20. Re6 Re8 21.
Rxd6 Re1+ 22. Bf1 cxd6 23. f3 Ba6 24. c4 Nxd5 25. Kf2 Bxc4 26. Bxc4 1-0

[Event "Let's Play Chess!"]
[Site "http://www.queenalice.com/game.php?id=279363"]
[Date "2007.9.30"]
[Round "-"]
[White "Rutty"]
[Black "maple"]
[Result "0-1"]
[WhiteElo "1958"]
[BlackElo "2059"]

1. e4 c5 2. Nf3 d6 3. Bc4 Nf6 4. d3 g6 5. c3 Bg7 6. Bf4 Nc6 7. Nbd2 a6 8. a4 Bg4
9. Qc2 Bxf3 10. Nxf3 O-O 11. O-O Qd7 12. Rab1 Nh5 13. Be3 Ne5 14. Nxe5 Bxe5 15.
d4 cxd4 16. cxd4 Bf4 17. b4 b5 18. axb5 axb5 19. Be2 Bxe3 20. fxe3 Ng7 21. Qd3
Qe6 22. Bf3 Rab8 23. Ra1 Qc4 24. Qa3 Qe6 25. Rfc1 Rfc8 26. Qa6 Rc4 27. d5 Qc8
28. Qxc8+ Rbxc8 29. Rxc4 bxc4 30. Kf1 f5 31. Ke2 Rb8 32. Rb1 Ne8 33. Kd2 Nc7 34.
Kc3 Nb5+ 35. Kd2 c3+ 36. Kc1 c2 37. Rb2 fxe4 38. Bxe4 Nc3 39. Bf3 Rxb4 40. Rxc2
Na4 41. Kd2 Nc5 42. g3 Kf7 43. Ke2 Kf6 44. h4 h6 45. Bg2 g5 46. hxg5+ hxg5 47.
Rd2 Ke5 48. Kf3 Ne4 49. Ra2 g4+ 50. Ke2 Nc3+ 0-1

[Event "Let's Play Chess!"]
[Site "http://www.queenalice.com/game.php?id=279644"]
[Date "2007.10.1"]
[Round "-"]
[White "pacou93"]
[Black "maple"]
[Result "0-1"]
[WhiteElo "1499"]
[BlackElo "2037"]

1. e4 c5 2. Nf3 d6 3. h3 Nf6 4. Nc3 g6 5. d4 cxd4 6. Nxd4 a6 7. Bg5 Bg7 8. Be2
O-O 9. Bxf6 Bxf6 10. O-O b5 11. Nf3 Bxc3 12. bxc3 Qc7 13. Qd2 Kg7 14. a3 Bb7 15.
Ng5 h6 16. Nf3 Nd7 17. Bd3 Rfc8 18. a4 bxa4 19. Rxa4 Qxc3 20. Qxc3+ Rxc3 21. Rb1
Nc5 22. Rab4 Nxd3 23. cxd3 Bc8 24. d4 a5 25. R4b3 Rxb3 26. Rxb3 a4 27. Ra3 Bd7
28. Nd2 Rb8 29. f3 Rb4 30. d5 Bb5 31. Kh2 Rb2 32. Nf1 Bxf1 33. Rxa4 Rxg2+ 0-1

[Event "Let's Play Chess!"]
[Site "http://www.queenalice.com/game.php?id=280502"]
[Date "2007.10.3"]
[Round "-"]
[White "sripradeep"]
[Black "maple"]
[Result "1-0"]
[WhiteElo "1851"]
[BlackElo "2063"]

1. e4 c5 2. d4 cxd4 3. c3 dxc3 4. Nxc3 Nc6 5. Nf3 d6 6. Bc4 e6 7. Bf4 e5 8. Be3
Be6 9. Bxe6 fxe6 10. Ng5 Qe7 11. Qb3 Na5 12. Qxe6 Qxe6 13. Nxe6 Kd7 14. Nxf8+
Rxf8 15. Bxa7 Nf6 16. Rd1 Nc4 17. b3 Ra8 18. Bc5 Ke6 19. Bb4 Nb2 20. Rd2 1-0

[Event "Let's Play Chess!"]
[Site "http://www.queenalice.com/game.php?id=282074"]
[Date "2007.10.6"]
[Round "-"]
[White "maple"]
[Black "Capivara"]
[Result "1/2-1/2"]
[WhiteElo "2039"]
[BlackElo "2104"]

1. d4 Nf6 2. c4 e6 3. Nc3 Bb4 4. e3 d5 5. Nf3 O-O 6. Bd3 c5 7. O-O cxd4 8. Nxd4
Bxc3 9. bxc3 e5 10. Nb3 dxc4 11. Bxc4 Qc7 12. Nd2 Nc6 13. Bb2 Rd8 14. Qe2 e4 15.
h3 Ne5 16. Rfd1 Bf5 17. Bb3 Nd3 18. Nc4 b5 19. Na3 a6 20. Rab1 Qc5 21. Nc2 Nxb2
22. Rxd8+ Rxd8 23. Rxb2 Qxc3 24. Nd4 Qc1+ 25. Kh2 Qc7+ 26. g3 Bg6 27. Rc2 Qd7
28. Rc6 Ra8 29. Qc2 h6 30. Ne6 a5 31. Rc7 Qe8 32. Nf4 Kh7 33. Nxg6 fxg6 34. Qc5
a4 35. Bf7 Qd8 36. g4 Nxg4+ 37. hxg4 Qh4+ 38. Kg2 Qxg4+ 39. Kh2 Qh4+ 40. Kg2
Qg4+ 41. Kh2 Qh4+ 42. Kg2 Qg4+ 1/2-1/2

[Event "Let's Play Chess!"]
[Site "http://www.queenalice.com/game.php?id=282075"]
[Date "2007.10.6"]
[Round "-"]
[White "abelhm"]
[Black "maple"]
[Result "0-1"]
[WhiteElo "1863"]
[BlackElo "2083"]

1. e4 c5 2. Nf3 d6 3. d4 cxd4 4. Nxd4 Nf6 5. Nc3 g6 6. Bg5 Bg7 7. Bc4 O-O 8. Qd2
a6 9. a4 b6 10. Bh6 Bb7 11. Bxg7 Kxg7 12. Qe3 Nc6 13. Nf3 Ng4 14. Qf4 Nge5 15.
Bb3 Nxf3+ 16. Qxf3 Nd4 17. Qd3 Nxb3 18. cxb3 Rc8 19. O-O Rc6 20. b4 a5 21. b5
Rc5 22. Rfe1 Qa8 23. f3 h5 24. Qd4+ f6 25. Rac1 Qc8 26. Ne2 Rd8 27. Qd2 Qd7 28.
Nc3 Rg5 29. Qf2 Rc5 30. Red1 Qe6 31. Ne2 Rdc8 32. Rxc5 Rxc5 33. Nf4 Qf7 34. Qg3
g5 35. Nd3 Rc2 36. Qh3 Kh6 37. Qd7 Bc8 38. Qd8 Be6 39. Qxb6 Bb3 40. Ra1 Qc4 41.
Qd8 Qxd3 0-1

[Event "Let's Play Chess!"]
[Site "http://www.queenalice.com/game.php?id=282137"]
[Date "2007.10.6"]
[Round "-"]
[White "maple"]
[Black "nathanielz"]
[Result "1-0"]
[WhiteElo "2054"]
[BlackElo "1462"]

1. d4 Nf6 2. c4 e6 3. Nf3 d5 4. Nc3 c6 5. e3 Bd6 6. Be2 O-O 7. O-O b6 8. cxd5
Nxd5 9. Nxd5 cxd5 10. Bd2 Nc6 11. a3 Bb7 12. b4 Rc8 13. Qb3 Qc7 14. Rfc1 Qb8 15.
Rc2 e5 16. dxe5 Nxe5 17. h3 Rfe8 18. Rac1 a6 19. Nd4 b5 20. Rxc8 Rxc8 21. Rxc8+
Qxc8 22. Bc3 Nd3 23. Bxd3 1-0

[Event "Batalha dos Aflitos"]
[Site "http://www.queenalice.com/game.php?id=283354"]
[Date "2007.10.10"]
[Round "-"]
[White "maple"]
[Black "educapivara"]
[Result "0-1"]
[WhiteElo "2068"]
[BlackElo "2112"]

1. d4 Nf6 2. c4 e6 3. Nf3 b6 4. e3 c5 5. Be2 Bb7 6. Nc3 d5 7. cxd5 Nxd5 8. O-O
Be7 9. Nxd5 Bxd5 10. dxc5 Bxc5 11. e4 Bb7 12. Qxd8+ Kxd8 13. e5 Nd7 14. Bg5+ f6
15. exf6 gxf6 16. Bh4 Ke7 17. Rac1 Rhg8 0-1

[Event "Let's Play Chess!"]
[Site "http://www.queenalice.com/game.php?id=286264"]
[Date "2007.10.14"]
[Round "-"]
[White "maple"]
[Black "trallala"]
[Result "1-0"]
[WhiteElo "2015"]
[BlackElo "1885"]

1. d4 d5 2. c4 e6 3. Nc3 c5 4. cxd5 exd5 5. Nf3 Nc6 6. e3 Nf6 7. Be2 cxd4 8.
Nxd4 Bc5 9. Nxc6 bxc6 10. O-O O-O 11. Qc2 Bd6 12. Rd1 Qc7 13. h3 Be6 14. a3 a5
15. Bf3 Rfd8 16. Ne2 c5 17. g4 Rab8 18. Bd2 1-0

[Event "Let's Play Chess!"]
[Site "http://www.queenalice.com/game.php?id=286265"]
[Date "2007.10.14"]
[Round "-"]
[White "trallala"]
[Black "maple"]
[Result "0-1"]
[WhiteElo "1897"]
[BlackElo "2003"]

1. e4 c5 2. Nf3 d6 3. d4 cxd4 4. Qxd4 Nc6 5. Bb5 Qd7 6. Qe3 a6 7. Be2 g6 8. O-O
Bg7 9. c4 Nf6 10. Nc3 O-O 11. Nd5 Nxd5 12. exd5 Ne5 13. Nxe5 Bxe5 14. c5 Qa4 15.
c6 bxc6 16. dxc6 Be6 17. Bf3 Rac8 0-1

[Event "Let's Play Chess!"]
[Site "http://www.queenalice.com/game.php?id=287533"]
[Date "2007.10.16"]
[Round "-"]
[White "maple"]
[Black "CampbellMarcel"]
[Result "0-1"]
[WhiteElo "2042"]
[BlackElo "1813"]

1. d4 c5 2. d5 d6 3. c4 e5 4. e4 g6 5. Nf3 Nf6 6. Bd3 Bg7 7. O-O O-O 8. Nc3 a6
9. a3 Bd7 10. Bg5 h6 0-1

[Event "Challenge"]
[Site "http://www.queenalice.com/game.php?id=298015"]
[Date "2007.11.4"]
[Round "-"]
[White "maple"]
[Black "hjalmart"]
[Result "1-0"]
[WhiteElo "2056"]
[BlackElo "1832"]

1. d4 d5 2. c4 e6 3. Nc3 Bb4 4. Nf3 h6 5. e3 Nc6 6. Be2 Nf6 7. O-O Bxc3 8. bxc3
O-O 9. a4 Ne4 10. Qc2 f5 11. Ba3 Rf7 12. cxd5 Ne7 13. dxe6 Bxe6 14. Ne5 Rf6 15.
Bxe7 Qxe7 16. c4 c5 17. Ng4 fxg4 18. Qxe4 Re8 19. dxc5 Rc8 20. Bd3 Kf7 21. Rab1
Rc7 22. f4 Bf5 23. Qxe7+ Rxe7 24. Bxf5 Rxf5 25. Rb4 Rxc5 26. Kf2 Rec7 27. Rfb1
b6 28. Rc1 a5 29. Rxb6 Rxc4 30. Rxc4 Rxc4 31. Kg3 h5 32. Rb5 Rxa4 33. Rxh5 Ra3
34. Kxg4 1-0

[Event "Challenge"]
[Site "http://www.queenalice.com/game.php?id=298016"]
[Date "2007.11.4"]
[Round "-"]
[White "hjalmart"]
[Black "maple"]
[Result "0-1"]
[WhiteElo "1830"]
[BlackElo "1994"]

1. d4 d5 2. e3 Nf6 3. c4 dxc4 4. Bxc4 c6 5. Nf3 Bg4 6. h3 Bh5 7. O-O e6 8. Bd2
Be7 9. Be2 O-O 10. Bc3 Nbd7 11. Nbd2 Nd5 12. Ne5 Bxe2 13. Qxe2 Nxc3 14. bxc3
Nxe5 15. dxe5 Qa5 16. Nf3 Qxc3 17. Rfc1 Qa5 18. Rc2 Rfd8 19. Rd1 Rxd1+ 20. Qxd1
Rd8 21. Rd2 Rxd2 22. Nxd2 Qxe5 23. Nf3 Qd5 24. Qc2 g6 25. Qa4 Bd6 26. Kf1 Qb5+
27. Qxb5 cxb5 28. Ke1 Kf8 29. Kd1 Ke7 30. Kc2 f6 31. Nd4 b4 32. g4 Bc5 33. Nb3
b6 34. Nd2 a5 35. Nc4 h6 36. Kb3 e5 37. Nd2 f5 38. e4 Bxf2 39. exf5 gxf5 40.
gxf5 Bd4 41. Ne4 Kd7 42. a3 Kc6 43. axb4 axb4 44. f6 Kd7 45. Kxb4 Ke6 46. Kc4
Bc5 47. Kb5 Bf8 48. Kc6 Kf5 49. Kd7 Kxe4 50. Ke8 Bc5 51. f7 b5 0-1

[Event "Hrmpfff"]
[Site "http://www.queenalice.com/game.php?id=312317"]
[Date "2007.11.29"]
[Round "-"]
[White "maple"]
[Black "willys"]
[Result "1-0"]
[WhiteElo "2026"]
[BlackElo "1572"]

1. d4 d5 2. c4 e6 3. Nf3 Nf6 4. e3 c6 5. Nc3 Nbd7 6. c5 g6 7. b4 Bg7 8. a4 O-O
9. b5 Qc7 10. Bd2 b6 11. bxc6 Nb8 12. cxb6 Qxc6 13. bxa7 Nbd7 14. Bb5 Qc7 15.
Bxd7 Bxd7 16. O-O Rxa7 17. Ne5 Ne4 18. Nxd7 Nxd2 19. Qxd2 Qxd7 20. g3 Rc8 21.
Nb5 Ra6 22. h4 h5 23. Rfc1 Rxc1+ 24. Qxc1 e5 25. dxe5 Bxe5 26. Ra2 d4 27. exd4
Rc6 28. Qd2 Bf6 29. d5 Rc5 30. d6 Qc6 31. Kh2 g5 32. hxg5 Bxg5 33. f4 Bf6 34.
Qa5 Rc1 35. Rg2 Rc2 36. Rxc2 Qxc2+ 37. Kg1 Qd1+ 38. Kf2 Qc2+ 39. Ke3 Qc5+ 40.
Ke4 Qc6+ 41. Kd3 Qd5+ 42. Kc2 Kg7 43. Qb4 Qa2+ 44. Kd3 Qa1 45. Kc4 Qc1+ 46. Kd5
Qc8 47. Nc7 Bd8 48. Qd4+ Bf6 49. Qb6 Qf5+ 50. Kc6 Qc2+ 51. Kb7 Qxa4 52. Qc6
Qxc6+ 53. Kxc6 Kf8 54. Nd5 h4 55. Nxf6 hxg3 56. Nd7+ 1-0

[Event "Áskorun"]
[Site "http://www.queenalice.com/game.php?id=312753"]
[Date "2007.11.30"]
[Round "-"]
[White "maple"]
[Black "hjalmart"]
[Result "1-0"]
[WhiteElo "2028"]
[BlackElo "1715"]

1. d4 d5 2. c4 e6 3. Nc3 Nc6 4. Nf3 h6 5. e3 Nf6 6. Be2 Bb4 7. O-O Bxc3 8. bxc3
O-O 9. cxd5 Nxd5 10. c4 Nf6 11. a4 a5 12. Ba3 Re8 13. Qd3 e5 14. dxe5 Qxd3 15.
Bxd3 Nxe5 16. Be2 Bd7 17. Nxe5 Rxe5 18. Bb2 Re6 19. Rfd1 Bc6 20. Rd4 Rae8 21. c5
Ne4 22. Rc1 Nf6 23. h3 Re4 24. Bf3 Rxd4 25. Bxc6 Rb4 26. Bxe8 Nxe8 27. Bd4 Rxa4
28. Rb1 Rb4 29. Rxb4 axb4 30. Kf1 c6 31. Ke2 Nc7 32. Kd3 f5 33. Bb2 Na6 34. Kc4
Kf7 35. f3 b3 36. Bd4 g5 37. Kxb3 f4 38. Kc4 fxe3 39. Bxe3 Kg6 40. Kd4 Kf5 41.
g4+ Ke6 42. f4 Kf6 43. f5 Nc7 44. Ke4 Nb5 45. Bd4+ Kf7 46. Be5 Ke7 47. Bg7 Nc3+
48. Bxc3 1-0